000 00441nam a2200181Ia 4500
001 4118
005 20260306145732.0
008 260306t1991||||xx |||||||||||||| ||spa||
041 _aESP
082 _a306.850601
_bH59
100 _aNuñez Sánchez, Jorge (ed.)
_eAUT
245 0 _aHistoria de la mujer y la familia
260 _c1991
300 _a224 páginas :
_c18 cm.
650 _aGEN
654 _aCED
942 _cLIB
_dJUS
_fJUS
_2ddc
_n
999 _c4118
_d4118